Surveyors acting as adjudicators in the construction industry (Record no. 115920)

MARC details
000 -LEADER
fixed length control field 01891cam a22003015a 4500
001 - CONTROL NUMBER
control field 115920
008 - FIXED-LENGTH DATA ELEMENTS--GENERAL INFORMATION
fixed length control field 040912s2017 xxk f 000 0 eng d
020 ## - INTERNATIONAL STANDARD BOOK NUMBER
International Standard Book Number 9781783211807
035 ## - SYSTEM CONTROL NUMBER
System control number (Sirsi) u159460
041 0# - LANGUAGE CODE
Language code of text/sound track or separate title eng
050 04 - LIBRARY OF CONGRESS CALL NUMBER
Classification number 347.4107 $2 18
110 2# - MAIN ENTRY--CORPORATE NAME
Corporate name or jurisdiction name as entry element Royal Institution of Chartered Surveyors
9 (RLIN) 4900
245 00 - TITLE STATEMENT
Title Surveyors acting as adjudicators in the construction industry
Medium [electronic resource]
250 ## - EDITION STATEMENT
Edition statement 4th ed.
260 ## - PUBLICATION, DISTRIBUTION, ETC.
Place of publication, distribution, etc. Coventry
Name of publisher, distributor, etc. RICS
Date of publication, distribution, etc. 2017
490 #0 - SERIES STATEMENT
Series statement RICS Guidance Note
490 #0 - SERIES STATEMENT
Series statement RICS Professional Standard
505 2# - FORMATTED CONTENTS NOTE
Formatted contents note General introduction -- Appointment and acceptance -- Procedure and other matters -- Further Sources of information.
520 ## - SUMMARY, ETC.
Summary, etc. Applies to our professionals who are either nominated by RICS or another adjudicator nominating body (ANB), or appointed directly by the parties, to adjudicate disputes relating to works carried out under a construction contract and works carried out under a contract to which the Construction Act does not apply, but under which the parties have agreed a contractual mechanism to enable them to adjudicate disputes. It is also intended to assist the parties and those acting for them by making them aware of the procedures likely to be followed in an adjudication. Effective from January 2017.
520 ## - SUMMARY, ETC.
Summary, etc. Supersedes 3rd edition (L157117).
520 ## - SUMMARY, ETC.
Summary, etc. This document was originally published in January 2017 as an RICS guidance note and was reissued in April 2023 as an RICS professional standard.
521 ## - TARGET AUDIENCE NOTE
Target audience note Advanced
651 #4 - SUBJECT ADDED ENTRY--GEOGRAPHIC NAME
Geographic name ENGLAND AND WALES
690 ## - LOCAL SUBJECT ADDED ENTRY--TOPICAL TERM (OCLC, RLIN)
Topical term or geographic name as entry element Dispute resolution
9 (RLIN) 6236
690 ## - LOCAL SUBJECT ADDED ENTRY--TOPICAL TERM (OCLC, RLIN)
Topical term or geographic name as entry element Construction management
9 (RLIN) 6230
856 40 - ELECTRONIC LOCATION AND ACCESS
Uniform Resource Identifier <a href="https://www.rics.org/profession-standards/rics-standards-and-guidance/sector-standards/dispute-resolution-standards/surveyors-acting-as-adjudicators-in-the-construction-industry">https://www.rics.org/profession-standards/rics-standards-and-guidance/sector-standards/dispute-resolution-standards/surveyors-acting-as-adjudicators-in-the-construction-industry</a>
Public note Available free on RICS.org
942 ## - ADDED ENTRY ELEMENTS (KOHA)
Suppress in OPAC 0
Source of classification or shelving scheme Dewey Decimal Classification
Holdings
Withdrawn status Lost status Source of classification or shelving scheme Damaged status Not for loan Home library Current library Shelving location Date acquired Total Checkouts Full call number Barcode Date last seen Copy number Price effective from Koha item type
    Dewey Decimal Classification     Virtual Virtual Online 25/07/2017   ONLINE PUBLICATION 159460-2001 23/03/2023 1 06/08/2019 Book